Filosofía de la ciencia /

Na minha lista:
Detalhes bibliográficos
Autor principal: Nidditch, Peter Harold (compilación)
Outros Autores: Suárez Dávila, Víctor Manuel (traducción) (traducción)
Formato: Livro
Idioma:espanhol
Publicado em: México : Fondo de Cultura Económica, 1975, c1975
Tags: Adicionar Tag
Sem tags, seja o primeiro a adicionar uma tag!

MARC

LEADER 00000nam^a2200000^a^4500
001 000572156
005 20250521000000.0
009 20260310132303.427
037 |a Acervo Xavier Clavigero 
041 |a ESP 
091 |a FPA. 03632 
100 |a Nidditch, Peter Harold  |e (compilación) 
245 1 0 |a Filosofía de la ciencia / 
264 4 |a México :  |b Fondo de Cultura Económica,  |c 1975, c1975 
300 |a 324 p. 
336 |a texto  |b txt  |2 rdacontenido 
337 |a sin mediación  |b n  |2 rdamedio 
338 |a volumen  |b nc  |2 rdasoporte 
649 |a XX 
700 |a Suárez Dávila, Víctor Manuel  |e (traducción) 
910 |a Fondo José Ignacio Palencia Gómez S.J. 
920 |a Impresos - Libros 
930 |a Fondos Especiales 
905 |a 137 
901 |a 0500356298  |b IT2  |c ESL  |i D  |u 20250521 
902 |a https://opac.biblio.iteso.mx/vufind/Record/000572156